000
00343nam a2200145Ia 4500
008
150301s2010 xx 000 0 und d
082
_a
616.07
_b
W10K
100
_a
KAUSHANSKY, KENNETH
245
_a
WILLIAMS HEMATOLOGY
250
_a
8TH
260
_b
MC GRAW HILL
_a
NEW YORK
_c
2010
300
_a
2439
650
_a
PATHOLOGY
942
_2
ddc
_c
BK
999
_c
6689
_d
6689